| 000 | 00439cam a2200193ua 4500 | ||
|---|---|---|---|
| 001 | 7517 | ||
| 008 | 141224n ii |||gr||||Z||||||ben | ||
| 040 | _cMAIN | ||
| 041 | _aben | ||
| 082 | _a294.5 | ||
| 100 |
_aBose, J., _eAuthor. |
||
| 245 |
_aBeder Parichoy _cBy Jugiraj Bose |
||
| 250 | _a1st. | ||
| 260 |
_aKolkatta: _bSangkrit, _c1988. |
||
| 300 | _a208p. | ||
| 653 | _aReligions ofIndic origin | ||
| 653 | _aHinduism | ||
| 942 | _cBK | ||
| 999 |
_c6640 _d6640 |
||